00737nam a2200181 a 450000100100000000500170001000800410002704000250006808200160009310000310010924501270014026000500026730000200031750000590033770000280039695201140042499900170053800003509320200930074111.0111025s1892 sp 000 0 spa d aDO-SdBNPbspacBNPHU axxxxbL768r1 aMonasterio, Ricardo96075813aLa raposa : /csinete lírico en un acto y tres cuadros, versos y prosa /cRicardo Monasterio ; música Ruperto Chapí. aMadrid :bR. Velasco, impresor, Rubio,c1892. a47 p. ;c20 cm. aEstrenado en el Teatro de Apolo el 27 de abril de 189212aChapí, Ruperto960759 001050718MOaGRbGRcCTd2011-10-25iLF1l0oxxxx L768rp35093-10r2020-06-25w2020-06-25y1ZNo se presta c34584d34584